Effect of competition among suppliers on public procurement efficiency

Elektronické opätovné aukcie (electronic reverse auctions – eRA) sa stávajú obľúbenými vo verejnom obstarávaní. Vplyv hospodárskej súťaže medzi dodávateľmi v rámci systému eRA. Efektívnosť výberového konania.

Gespeichert in:
Bibliographische Detailangaben
1. Verfasser: Janke, František
Weitere Verfasser: Packová, Miroslava
Format: Buchkapitel
Sprache:Englisch
Schlagworte:
Tags: Tag hinzufügen
Keine Tags, Fügen Sie das erste Tag hinzu!

MARC

LEADER 00000nla a2200000 4500
001 0231277
005 20220713120635.5
041 0 |a eng 
044 |a UA 
245 1 0 |a Effect of competition among suppliers on public procurement efficiency  |c František Janke, Miroslava Packová 
520 |a Elektronické opätovné aukcie (electronic reverse auctions – eRA) sa stávajú obľúbenými vo verejnom obstarávaní. Vplyv hospodárskej súťaže medzi dodávateľmi v rámci systému eRA. Efektívnosť výberového konania. 
610 2 0 |a aukcie 
610 2 0 |a elektronizácia 
610 2 0 |a trhoviská 
610 2 0 |a obstarávanie verejné 
610 2 0 |a obstarávanie elektronické 
610 2 0 |a ochrana súťaže hospodárskej 
610 2 0 |a Slovensko 
100 1 |a Janke, František 
700 1 |a Packová, Miroslava